|
|
|
|
| LEADER |
00000nam a22000007a 4500 |
| 005 |
2019052401251.0 |
| 007 |
cr|||| |||| |
| 008 |
190524s2018 co |||||s|||| 00||0 spa d |
| 020 |
|
|
|a 978-958-774-715-7
|
| 035 |
|
|
|a 23338
|
| 040 |
|
|
|a vLex
|
| 090 |
|
|
|c 8798
|d 8798
|
| 100 |
1 |
|
|a Zuleta, Hernando
|
| 245 |
1 |
0 |
|a Economa̕ y seguridad en el posconflicto
|h [Recurso electrn̤ico] /
|c Hernando Zuleta
|
| 256 |
|
|
|a Servicio en ln̕ea
|
| 260 |
|
|
|a Bogot:̀
|b Universidad de Los Andes (Colombia),
|c 2018
|
| 300 |
|
|
|a 1 recurso electrn̤ico
|
| 506 |
1 |
|
|a Disponible solo en los productos indicados
|d vLex Global
|d vLex Global (Academic Edition, excluding Law Schools)
|d vLex Global (U.S. Academic Edition, Law Schools)
|d vLex Global (U.S. Academic Edition, excluding Law Schools)
|d vLex Global (Academic Edition, Law Schools)
|
| 650 |
0 |
4 |
|a Derecho Pb︢lico y Administrativo
|z Colombia
|
| 650 |
0 |
4 |
|a Derecho Penal
|z Colombia
|
| 740 |
0 |
|
|a vLex Libros (Servicio en ln̕ea)
|
| 856 |
4 |
0 |
|u http://vlex.com/source/economia-seguridad-posconflicto-23338
|z Acceso restringido
|
| 942 |
|
|
|c BOOK
|
| 999 |
0 |
|
|a Public and Administrative Law
|
| 999 |
0 |
|
|a Criminal Law
|